Rethinking modern political theory : (Record no. 20821)
[ view plain ]
| 000 -LEADER | |
|---|---|
| fixed length control field | 00789cam a22002655a 4500 |
| 001 - CONTROL NUMBER | |
| control field | 3787566 |
| 005 - DATE AND TIME OF LATEST TRANSACTION | |
| control field | 20201128023553.0 |
| 008 - FIXED-LENGTH DATA ELEMENTS--GENERAL INFORMATION | |
| fixed length control field | 840912s1985 enk frb f001 0 eng d |
| 020 ## - INTERNATIONAL STANDARD BOOK NUMBER | |
| International Standard Book Number | 0521301300 |
| 020 ## - INTERNATIONAL STANDARD BOOK NUMBER | |
| International Standard Book Number | 0521316952 (pbk.) |
| 020 ## - INTERNATIONAL STANDARD BOOK NUMBER | |
| International Standard Book Number | 9780521316958 |
| 040 ## - CATALOGING SOURCE | |
| Original cataloging agency | DLC |
| Transcribing agency | DLC |
| Modifying agency | DLC |
| -- | EG-ScBUE |
| Language of cataloging | eng |
| 050 00 - LIBRARY OF CONGRESS CALL NUMBER | |
| Classification number | JA71 |
| Item number | .D78 1985 |
| 082 04 - DEWEY DECIMAL CLASSIFICATION NUMBER | |
| Classification number | 320.5 |
| Edition number | 22 |
| Item number | DUN |
| 100 1# - MAIN ENTRY--PERSONAL NAME | |
| Personal name | Dunn, John, |
| Dates associated with a name | 1940- |
| 9 (RLIN) | 38419 |
| 245 10 - TITLE STATEMENT | |
| Title | Rethinking modern political theory : |
| Remainder of title | essays, 1979-83 / |
| Statement of responsibility, etc | John Dunn. |
| 260 ## - PUBLICATION, DISTRIBUTION, ETC. (IMPRINT) | |
| Place of publication, distribution, etc | Cambridge : |
| Name of publisher, distributor, etc | Cambridge University Press, |
| Date of publication, distribution, etc | 1985. |
| 300 ## - PHYSICAL DESCRIPTION | |
| Extent | x, 230 p. ; |
| Dimensions | 24 cm. |
| 500 ## - GENERAL NOTE | |
| General note | Index : p. 223-228. |
| 504 ## - BIBLIOGRAPHY, ETC. NOTE | |
| Bibliography, etc | Bibliography : p. 190-222. |
| 650 #7 - SUBJECT ADDED ENTRY--TOPICAL TERM | |
| Topical term or geographic name as entry element | Political science. |
| Source of heading or term | BUEsh |
| 9 (RLIN) | 1313 |
| 651 ## - SUBJECT ADDED ENTRY--GEOGRAPHIC NAME | |
| Source of heading or term | BUEsh |
| 653 ## - INDEX TERM--UNCONTROLLED | |
| Resource For college | BAEPS, Political Science |
| Arrived date list | September2015 |
| 942 ## - ADDED ENTRY ELEMENTS (KOHA) | |
| Source of classification or shelving scheme | Dewey Decimal Classification |
| Withdrawn status | Lost status | Source of classification or shelving scheme | Damaged status | Not for loan | Koha collection | Home library | Current library | Shelving location | Date acquired | Source of acquisition | Cost, normal purchase price | Inventory number | Total Checkouts | Total Renewals | Full call number | Barcode | Date last seen | Date last borrowed | Cost, replacement price | Koha item type |
|---|---|---|---|---|---|---|---|---|---|---|---|---|---|---|---|---|---|---|---|---|
| Dewey Decimal Classification | Baccah | Central Library | Central Library | First floor | 01/09/2015 | Purchase | 257.00 | 23317 | 1 | 4 | 320.5 DUN | 000039552 | 15/07/2025 | 03/03/2024 | 321.00 | Book - Borrowing |